Text book of hydraulic machines (Record no. 10732)

000 -LEADER
fixed length control field 00441nam a22001817a 4500
001 - CONTROL NUMBER
control field 10732
003 - CONTROL NUMBER IDENTIFIER
control field BD-DhUET
008 - FIXED-LENGTH DATA ELEMENTS--GENERAL INFORMATION
fixed length control field 150209b xxu||||| |||| 00| 0 eng d
040 ## - CATALOGING SOURCE
Transcribing agency 0
Modifying agency BD-DhUET
082 ## - DEWEY DECIMAL CLASSIFICATION NUMBER
Classification number 621.2
Item number KHU/1985
100 ## - MAIN ENTRY--PERSONAL NAME
Personal name Khurmi, R. S.
245 ## - TITLE STATEMENT
Title Text book of hydraulic machines
250 ## - EDITION STATEMENT
Edition statement 14th ed.
260 ## - PUBLICATION, DISTRIBUTION, ETC. (IMPRINT)
Place of publication, distribution, etc. New Delhi
Name of publisher, distributor, etc. S. Chand
Date of publication, distribution, etc. 1985
300 ## - PHYSICAL DESCRIPTION
Extent vii, v.p.
Other physical details ill.
650 #0 - SUBJECT ADDED ENTRY--TOPICAL TERM
Topical term or geographic name as entry element Hydraulic Machines
942 ## - ADDED ENTRY ELEMENTS (KOHA)
Koha item type General Book
Holdings
Koha normalized classification for sorting Date acquired Sublocation or collection (holding branch) Koha item type Shelving location Source of classification or shelving scheme Location (home branch) Withdrawn status Not for loan Price effective from Copy number Lost status Piece designation (barcode) Koha date last seen Koha full call number Damaged status
621_200000000000000_KHU_19852015-02-09Central Library, BUETGeneral BookCirculation section Central Library, BUET  2015-02-091 641292015-02-09621.2/KHU/1985 
621_200000000000000_KHU_19852015-02-09Central Library, BUETGeneral BookCirculation section Central Library, BUET  2015-02-092 641542015-02-09621.2/KHU/1985 
621_200000000000000_KHU_19852015-02-09Central Library, BUETGeneral BookCirculation section Central Library, BUET  2015-02-093 641422015-02-09621.2/KHU/1985 
621_200000000000000_KHU_19852015-02-09Central Library, BUETGeneral BookCirculation section Central Library, BUET  2015-02-094 566852015-02-09621.2/KHU/1985 
621_200000000000000_KHU_19852015-02-09Central Library, BUETGeneral BookCirculation section Central Library, BUET  2015-02-095 641552015-06-22621.2/KHU/1985 
621_200000000000000_KHU_19852015-02-09Central Library, BUETGeneral BookCirculation section Central Library, BUET  2015-02-096 641322015-02-09621.2/KHU/1985 
621_200000000000000_KHU_19852015-02-09Central Library, BUETGeneral BookCirculation section Central Library, BUET  2015-02-097 641362015-02-09621.2/KHU/1985 
621_200000000000000_KHU_19852015-02-09Central Library, BUETGeneral BookCirculation section Central Library, BUET  2015-02-098 641532015-02-09621.2/KHU/1985 
621_200000000000000_KHU_19852015-02-09Central Library, BUETGeneral BookCirculation section Central Library, BUET  2015-02-099 641342015-02-09621.2/KHU/1985 
621_200000000000000_KHU_19852015-02-09Central Library, BUETGeneral BookCirculation section Central Library, BUET  2015-02-0910 641502015-02-09621.2/KHU/1985 
621_200000000000000_KHU_19852015-02-09Central Library, BUETGeneral BookCirculation section Central Library, BUET  2015-02-0911 641372015-02-09621.2/KHU/1985 
621_200000000000000_KHU_19852015-02-09Central Library, BUETGeneral BookCirculation section Central Library, BUET  2015-02-0912 641392015-02-09621.2/KHU/1985